Les États-Unis : Géographie d'une grande puissance (notice n° 2198695)

détails MARC
000 -LEADER
fixed length control field 01437cam a2200133 4500500
005 - DATE AND TIME OF LATEST TRANSACTION
control field 20260405085558.0
041 ## - LANGUAGE CODE
Language code of text/sound track or separate title fre
042 ## - AUTHENTICATION CODE
Authentication code dc
100 10 - MAIN ENTRY--PERSONAL NAME
Personal name Leriche, Frédéric
Relator term author
245 00 - TITLE STATEMENT
Title Les États-Unis : Géographie d'une grande puissance
260 ## - PUBLICATION, DISTRIBUTION, ETC.
Name of publisher, distributor, etc. Armand Colin,<br/>
Date of publication, distribution, etc. 2016.<br/>
520 ## - SUMMARY, ETC.
Summary, etc. Échec de la guerre en Afghanistan et de l’intervention en Irak, épicentre de la crise économique, balance commerciale déficitaire, croissance des inégalités et de la violence sociale... les statuts d’« hyperpuissance » ou de « superpuissance » que les États-Unis avaient acquis semblent bien révolus. Néanmoins, nombre des mécanismes économiques, sociétaux, culturels ou politiques qui leur ont permis de devenir la puissance mondiale du XXe siècle, sont aujourd’hui toujours à l’œuvre.Par une approche résolument géographique des États-Unis, cet ouvrage permet à la fois de comprendre les leviers à l’origine de la puissance américaine (immensité du territoire, richesse du milieu naturel, population nombreuse et qualifiée, économie diversifiée...) et ses dysfonctionnements et contradictions intrinsèques. Il tente également d’interroger, voire de déconstruire, un certain nombre de préjugés dont les États-Unis sont la cible, et qu’ils véhiculent parfois eux-mêmes.
856 41 - ELECTRONIC LOCATION AND ACCESS
Uniform Resource Identifier <a href="https://shs.cairn.info/les-etats-unis--9782200288471?lang=fr&redirect-ssocas=7080">https://shs.cairn.info/les-etats-unis--9782200288471?lang=fr&redirect-ssocas=7080</a>

Pas d'exemplaire disponible.

PLUDOC

PLUDOC est la plateforme unique et centralisée de gestion des bibliothèques physiques et numériques de Guinée administré par le CEDUST. Elle est la plus grande base de données de ressources documentaires pour les Étudiants, Enseignants chercheurs et Chercheurs de Guinée.

Adresse

627 919 101/664 919 101

25 boulevard du commerce
Kaloum, Conakry, Guinée

Réseaux sociaux

Powered by Netsen Group @ 2025